<?xml version="1.0" encoding="UTF-8"?>
<marc:record xmlns:marc="http://www.loc.gov/MARC21/slim">
   <marc:leader>00000nam a2200000 a 4500</marc:leader>
   <marc:datafield ind1="1" ind2=" " tag="100">
      <marc:subfield code="a">Schumann, Sandra</marc:subfield>
      <marc:subfield code="4">aut</marc:subfield>
      <marc:subfield code="e">Verfasser/-in</marc:subfield>
   </marc:datafield>
   <marc:datafield ind1=" " ind2=" " tag="653">
      <marc:subfield code="a">Motivtorten Motivtorten set Motivtorten zubehör Motivtorten bücher Motivtorten basics Torten dekorieren buch</marc:subfield>
   </marc:datafield>
   <marc:datafield ind1=" " ind2=" " tag="653">
      <marc:subfield code="a">Torten dekorieren mit fondant Fondant torten hochzeitstorte geburtstagstorte torte backrezepte hochzeitstorten</marc:subfield>
   </marc:datafield>
   <marc:datafield ind1=" " ind2=" " tag="653">
      <marc:subfield code="a">ausgefallene torten hochzeitstorte selber backen geburtstagstorten rezepte einfache tortenrezepte</marc:subfield>
   </marc:datafield>
   <marc:datafield ind1=" " ind2=" " tag="653">
      <marc:subfield code="a">fondant torte torten rezepte tortendeko tortenrezepte torten dekorieren geburtstagstorten</marc:subfield>
   </marc:datafield>
   <marc:datafield ind1=" " ind2=" " tag="653">
      <marc:subfield code="a">torte rezept motivtorte torten mit fondant torte mit fondant fondant torten dekorieren torten verzieren</marc:subfield>
   </marc:datafield>
   <marc:datafield ind1=" " ind2=" " tag="653">
      <marc:subfield code="a">Softcover / Ratgeber/Essen</marc:subfield>
   </marc:datafield>
   <marc:datafield ind1=" " ind2=" " tag="653">
      <marc:subfield code="a">Trinken/Backen</marc:subfield>
   </marc:datafield>
   <marc:datafield ind1=" " ind2=" " tag="653">
      <marc:subfield code="a">gu Motivtorten Motivtorten set Motivtorten zubehör Motivtorten bücher Motivtorten basics Torten dekorieren buch</marc:subfield>
   </marc:datafield>
   <marc:datafield ind1=" " ind2=" " tag="653">
      <marc:subfield code="a">Backbuch</marc:subfield>
   </marc:datafield>
   <marc:datafield ind1="0" ind2="0" tag="245">
      <marc:subfield code="a">Das große Motivtortenbuch</marc:subfield>
   </marc:datafield>
   <marc:datafield ind1="0" ind2="0" tag="245">
      <marc:subfield code="b">beeindruckende Kuchenkunstwerke Schritt für Schritt</marc:subfield>
   </marc:datafield>
   <marc:datafield ind1="0" ind2="0" tag="245">
      <marc:subfield code="c">Autorin: Sandra Schumann ; Fotos: Mathias Neubauer</marc:subfield>
   </marc:datafield>
   <marc:datafield ind1=" " ind2="1" tag="264">
      <marc:subfield code="a">München</marc:subfield>
      <marc:subfield code="b">Gräfe und Unzer Verlag GmbH</marc:subfield>
      <marc:subfield code="c">2016</marc:subfield>
   </marc:datafield>
   <marc:datafield ind1=" " ind2=" " tag="250">
      <marc:subfield code="a">1. Auflage</marc:subfield>
   </marc:datafield>
   <marc:datafield ind1="1" ind2=" " tag="520">
      <marc:subfield code="a">Angaben aus der Verlagsmeldung

Das große Motivtortenbuch : Beeindruckende Kuchenkunstwerke Schritt für Schritt / von Sandra Schumann

Sind Torten Kunst? Auf jeden Fall - wenn sie aussehen wie die Prachtstücke von Foodstylistin und Backbuchautorin Sandra Schumann. Genau das Richtige für alle Fondantfeen, Schokokünstler und Buttercremefans! Ob quietschbunter Rainbow-Cake, witzige Back-to-School-Torte oder trendy Eulentorte - bei rund 50 fantasievollen Hinguckertorten fällt die Wahl nicht leicht. Aber genauso wichtig wie kreative Ideen sind die Motivtorten-Basics: Schritt für Schritt zeigt Sandra Schumann, wie man mit Fondant, Marzipan und Schokolade umgeht, wie der Aufbau mehrstöckiger Torten klappt und wie aus Buttercreme und Icing tolle Dekorationen entstehen. Fortgeschrittene wagen sich an die trendy Airbrush-Methode, modellieren aus Fondant filigrane Spitzenbordüren oder zaubern verblüffende Effekte mit Goldspray und Glitter. So wird die Torte zum Kunstwerk - und Sie zum Cake Artist!
</marc:subfield>
   </marc:datafield>
   <marc:datafield ind1=" " ind2=" " tag="020">
      <marc:subfield code="a">9783833855603</marc:subfield>
      <marc:subfield code="9">9783833855603</marc:subfield>
   </marc:datafield>
   <marc:datafield ind1=" " ind2=" " tag="020">
      <marc:subfield code="a">3833855606</marc:subfield>
      <marc:subfield code="9">3833855606</marc:subfield>
   </marc:datafield>
   <marc:datafield ind1=" " ind2=" " tag="041">
      <marc:subfield code="a">ger</marc:subfield>
   </marc:datafield>
   <marc:datafield ind1=" " ind2=" " tag="300">
      <marc:subfield code="a">166 Seiten</marc:subfield>
   </marc:datafield>
</marc:record>
